000 00710cam a22002172 4500
001 0000019177
005 20151021151131.0
008 101018s xx 000 0 eng d
020 _a0071263624 :
040 _aKABU
_cKABU
050 0 _aHF1416
_b.J63 2009
100 1 _aJohansson, Johny K.
_@0000151338
245 1 0 _aGlobal marketing :
_bforeign entry, local marketing, and global management /
_cJohny K. Johansson.
250 _a5th ed.
260 _aBoston, Massachusetts :
_bIrwin/McGraw-Hill,
_c2009.
300 _axix, 662 p.
650 0 _aExport marketing
_xManagement.
_@0000151323
852 1 _9p3640 KES
908 _a101018
950 _@1
999 _c1025
_d1025